书目信息 |
| 题名: |
南宋都城临安
|
|
| 作者: | 林正秋 著 | |
| 分册: | ||
| 出版信息: | 杭州 西泠印社 1986 |
|
| 页数: | 452页 | |
| 开本: | 20cm | |
| 丛书名: | ||
| 单 册: | ||
| 中图分类: | K295.5 | |
| 科图分类: | ||
| 主题词: | 历史地理--临安 | |
| 电子资源: | ||
| ISBN: | ||
| 000 | 00598nam0 2200229 45 | |
| 001 | 0186005319 | |
| 005 | 20061118084831.95 | |
| 010 | @dCNY5.50@b精装 | |
| 100 | @a19951113d1986 em y0chiy0121 ea | |
| 101 | 0 | @achi |
| 102 | @aCN@b330000 | |
| 105 | @af z 000yy | |
| 200 | 10 | @a南宋都城临安@Anan song du cheng lin an@f林正秋著 |
| 210 | @a杭州@c西泠印社@d1986 | |
| 215 | @a452页@c附图@d20cm | |
| 606 | @a历史地理@y临安 | |
| 607 | @a临安@x历史地理 | |
| 690 | @aK295.5@v3 | |
| 701 | 0 | @a林正秋@4著@Alin zheng qiu |
| 801 | 2 | @aCN@bNLC@c20061118 |
| 801 | 0 | @aCN@bTSSF |
| 905 | @a10447@dK295.5@e92 | |
| 南宋都城临安/林正秋著.-杭州:西泠印社,1986 |
| 452页:附图;20cm |
| ISBN (精装):CNY5.50 |
| ● |
| 相关链接 |
|
|
|
|
正题名:南宋都城临安
索取号:K295.5/92
 
预约/预借
| 序号 | 登录号 | 条形码 | 馆藏地/架位号 | 状态 | 备注 |
| 1 | 0257769 | 000358384 | 第二样本阅览室/ [索取号:K295.5/92] | 在馆 |